00965 a2200181 4500003000500000005001700005010001600022020004100038040000900079082002000088100001900108245010300127260004500230300004200275505038700317650004500704650003400749Nust20221007161035.0 a 96015479 a0471149292 (paper : acid-free paper) cNust00a650.0285575,BER1 aBernard, Ryan.14aThe corporate intranet :bcreate and manage an internal Web for your organization /cRyan Bernard. aNew York :bWiley Computer Pub.,cc1996. axviii, 395 p. :bill., maps ;c24 cm. aWhat Every Business Can Learn From The Internet (Page-2), A New Kind Of Information System (Page-30), The Birth Of Information Center (Page-72), The Intranet In Practice (Page-132), Toward The Paperless Office (Page-166), Harnessing The New Media (Page-210), Serving Data And Applications (Page-244), Interfacing With The Internet (Page-288), Managing The Web Explosion (Page-314).  0aBusiness enterprisesxComputer networks. 0aIntranets (Computer networks)